| 000 | 00382nam a2200145Ia 4500 | ||
|---|---|---|---|
| 008 | 220214s9999 xx 000 0 und d | ||
| 100 | _aNarasimhaswamy RL | ||
| 245 | 0 | _aWeed control in coffee with particular reference to grass | |
| 260 |
_bIndian Coffee _c1962 |
||
| 300 | _a87-92 | ||
| 700 | _aAnanth KC | ||
| 700 | _aGopalakrishnan R | ||
| 700 | _aRangasetty HT | ||
| 942 | _cRE | ||
| 999 |
_c46236 _d46236 |
||